Normal view
MARC view
Entry Personal Name
001 - CONTROL NUMBER
- control field: 1180346
003 - CONTROL NUMBER IDENTIFIER
- control field: OSt
005 - DATE AND TIME OF LATEST TRANSACTION
- control field: 20260324130044.0
008 - FIXED-LENGTH DATA ELEMENTS
- fixed length control field: 260324|| aca||aabn | a|a d
040 ## - CATALOGING SOURCE
- Original cataloging agency: OSt
- Transcribing agency: OSt
100 ## - HEADING--PERSONAL NAME
- Personal name: Donald Prudlo
670 ## - SOURCE DATA FOUND
- Source citation: Work cat.: (OSt)1776152: Donald Prudlo, The Martyred Inquisitor: The Life and Cult of Peter of Verona (†1252)
